Statistics for Countries with GDP Higher than their neighbours 2050

Click here to take the quiz!

General Stats

  • This quiz has been taken 19 times
  • The average score is 15 of 20

Answers on the Map

Answers color-coded by a green-red scale on the quiz's map according to % correct below.
 

Answer Stats

Answer% Correct
Brazil
100%
China
100%
Germany
100%
United States
100%
South Africa
93%
United Kingdom
93%
Egypt
86%
Indonesia
86%
Angola
79%
Ethiopia
79%
Nigeria
79%
Algeria
71%
Dominican Republic
71%
Turkey
71%
Ghana
64%
Japan
64%
Tanzania
64%
Sweden
57%
Costa Rica
43%
New Zealand
43%

Score Distribution

Percentile by Number Answered

Percent of People with Each Score

Your Score History

You have not taken this quiz